SEPA - integration of payments

Salvato in:
Dettagli Bibliografici
Autore principale: Jančíková, Eva, 1960-
Natura: Capitolo di libro
Lingua:inglese
Soggetti:
Tags: Aggiungi Tag
Nessun Tag, puoi essere il primo ad aggiungerne!!

MARC

LEADER 00000naa$a2200000$$$4500
001 0183112
005 20240502083430.2
041 0 |a eng 
044 |a RU 
245 1 0 |a SEPA - integration of payments  |c Eva Jančíková 
610 2 0 |a banky 
610 2 0 |a platby bezhotovostné 
610 2 0 |a spolupráca medzinárodná 
610 2 0 |a integrácia 
610 2 0 |a Európska únia 
100 1 |a Jančíková, Eva, 1960-